| 000 | 01129nam a22002297a 4500 | ||
|---|---|---|---|
| 999 |
_c121153 _d121153 |
||
| 001 | K121153 | ||
| 008 | 160218b2019 xxu||||| |||| 00| 0 eng d | ||
| 041 | _aeng | ||
| 100 | _aHartenberger, Ursula | ||
| 245 |
_aEnergy efficiency lending and valuation due diligence _bThe state of play |
||
| 520 | _aSecond in a series of reports produced as part of the Energy Efficiency Action Plan (EeMAP) linking energy efficiency and valuation due diligence for lenders engaged in providing mortgages for improving building stock in Europe. Includes a draft checklist to assist both valuers and lenders produced by RICS. Provides market sentiment on impact of energy efficiency and other sustainability issues on the valuation process. See also K121153 Creating an energy efficient mortgage for Europe: Towards a new market standard and preliminary white paper K121154.. | ||
| 650 | _aEeMAP | ||
| 650 | _aEnergy efficiency | ||
| 650 | _aSustainability | ||
| 650 | _aRefurbishment | ||
| 651 | _aEurope | ||
| 690 |
_96273 _aValuation |
||
| 700 | _aLorenz, David | ||
| 700 | _aSayce, Sarah | ||
| 700 | _aToth, Zsolt | ||
| 942 | _n0 | ||